=LDR 00000nam 2200000 4500 =001 INLIS000000000034337 =005 20250605111335 =035 ##$$a 0010-061300000034337 =008 250605###########################0#ind## =041 ##$$a ind =082 ##$$a 028.5 =090 ##$$a 028.5; Mua a =100 ##$$a MUAKHIR, Ali =245 1#$$a Anak Pemaaf, the for giving kid, /$c Ali Muakhir ; penerjemah, Noviana Abdu ; editor, Tim GB =260 ##$$a Solo :$b Ttiga Serangkai,$c 2008 =300 ##$$a 23 hlm : $b ilus ; $c 20 x 19 cm =650 #4$$a Bacaan Kanak - kanak =700 #$$a Abdu, Muakhir =850 ##$$a NBPNMAT =084 ##$$a 028.5 MUA a =990 ##$$a 21010917 =990 ##$$a 08980898 =990 ##$$a 21010918 =990 ##$$a 21010917